[Event "Chigorin Memorial 30th"]
[Site "St Petersburg"]
[Date "2023.10.25"]
[Round "5"]
[White "Razygraev, Alexander"]
[Black "Gurnov, Cristian"]
[Result "1-0"]
[WhiteElo "1261"]
[BlackElo "1771"]
[PlyCount "71"]
[EventDate "2023.10.21"]
[EventType "swiss"]
[EventRounds "9"]
[EventCountry "RUS"]
[SourceTitle "Mega2024 Update 01"]
[Source "Chessbase"]
[SourceDate "2023.11.12"]
[SourceVersion "1"]
[SourceVersionDate "2023.11.12"]
[SourceQuality "1"]

1. e4 c5 2. Nf3 e6 3. d4 cxd4 4. Nxd4 a6 5. Nc3 Nc6 6. Be2 Qc7 7. Be3 Nf6 8. Qd2 Bb4 9. f3 d5 10. a3 Bxc3 11. Qxc3 dxe4 12. Nxc6 Qxc6 13. Qxc6+ bxc6 14. fxe4 Nxe4 15. Bf3 f5 16. Bd4 0-0 17. 0-0 Bb7 18. Bxe4 fxe4 19. Rae1 c5 20. Bxc5 Rfc8 21. b4 Rd8 22. Rd1 h6 23. Kf2 Bd5 24. Ke3 Rac8 25. Rd4 a5 26. Rfd1 axb4 27. axb4 Re8 28. c4 Ba8 29. Rd7 Bc6 30. Ra7 Rcd8 31. Rxd8 Rxd8 32. Bd4 e5 33. Bxe5 Rd3+ 34. Ke2 Bd7 35. b5 Rb3 36. Rxd7 1-0